Consumer lifestyles - Italy : February 2011.

Bibliographic Details
Format: Book
Published: London: Euromonitor International, 2011.
Series:Consumer lifestyles:2011
Subjects:
LEADER 00548cam a2200169 7i4500
001 0000027078
005 20111116090000.0
090 0 0 |a SR 658.834   |b CON 
245 0 0 |a Consumer lifestyles - Italy :   |b February 2011. 
260 0 0 |a London:   |b Euromonitor International,   |c 2011. 
300 # # |a 85p. 
440 0 0 |a Consumer lifestyles:2011 
650 0 0 |a Consumer --   |x Research --   |z Italy  
650 0 0 |a Consumer behavior --   |z Italy  
650 0 0 |a Consumer behavior --   |x Markets --   |z Italy  
651 0 0 |a Italy  
999 |a B000029010  |b Book  |c Services  |e Business Information Centre